书目信息 |
| 题名: |
隐喻的研究与应用
|
|
| 作者: | 卡梅伦 , 洛 著 | |
| 分册: | ||
| 出版信息: | 上海 上海外语教育出版社 2001.10 |
|
| 页数: | 295页 | |
| 开本: | 21cm | |
| 丛书名: | 剑桥应用语言学丛书 | |
| 单 册: | ||
| 中图分类: | H , H05 | |
| 科图分类: | ||
| 主题词: | 写作学 , 修辞学 | |
| 电子资源: | ||
| ISBN: | 7-81080-282-8 | |
| 000 | 00684nam0 2200241 45 | |
| 001 | 0357986107 | |
| 005 | 2003062416062610 | |
| 010 | @a7-81080-282-8@dRMB 19.50 | |
| 100 | @a20030624d2001 km y0chiy0120 ea | |
| 101 | 0 | @achi |
| 200 | 1 | @a隐喻的研究与应用@Ayin yu de yan jiu yu ying yong@f(英)卡梅伦,(英)洛著@F(Ying)Ka Mei Lun,(Ying)Luo Zhu |
| 210 | @a上海@c上海外语教育出版社@d2001.10 | |
| 215 | @a295页@d21cm | |
| 225 | 2 | @a剑桥应用语言学丛书 |
| 410 | 0 | @12001 @a剑桥应用语言学丛书 |
| 606 | 0 | @a写作学 |
| 606 | 0 | @a修辞学 |
| 690 | @aH@v4 | |
| 690 | @aH05@v3 | |
| 701 | 0 | @a卡梅伦@AKa Mei Lun@4著 |
| 701 | 0 | @a洛@ALuo@4著 |
| 801 | 0 | @aCN@bPFT@c20030624 |
| 905 | @a@dH05@eK073 | |
| 隐喻的研究与应用/(英)卡梅伦,(英)洛著.-上海:上海外语教育出版社,2001.10 |
| 295页;21cm.-(剑桥应用语言学丛书) |
| ISBN 7-81080-282-8:RMB 19.50 |
| ● |
| 相关链接 |
|
|
|
正题名:隐喻的研究与应用
索取号:H05/K073
 
预约/预借
| 序号 | 登录号 | 条形码 | 馆藏地/架位号 | 状态 | 备注 |
| 1 | 370861 | 203708611 | 语言库209/209语言库 67排1列3层/ [索取号:H05/K073] | 在馆 | |
| 2 | 370862 | 203708620 | 语言库209/209语言库 67排1列3层/ [索取号:H05/K073] | 在馆 | |
| 3 | 370863 | 203708639 | 语言库209/209语言库 67排1列3层/ [索取号:H05/K073] | 在馆 |